Vplyv médií na spotrebiteľské správanie diplomová práca

Na minha lista:
Detalhes bibliográficos
Autor principal: Tománek, Ivan
Autor Corporativo: Národohospodárska fakulta EU. Katedra ekonómie
Outros Autores: Lennerová, Ivana, 1979-
Formato: Livro
Idioma:eslovaco
Publicado em: Bratislava 2013
Tags: Adicionar Tag
Sem tags, seja o primeiro a adicionar uma tag!

MARC

LEADER 00000nbm a2200000 4500
001 0169298
005 20161109102254.4
041 0 |a slo 
044 |a SK 
245 1 0 |a Vplyv médií na spotrebiteľské správanie  |b diplomová práca  |c Ivan Tománek ; školiteľ: Ivana Lennerová 
264 1 |a Bratislava  |c 2013 
300 |a 62 s. 
100 1 |a Tománek, Ivan 
700 1 |a Lennerová, Ivana, 1979- 
710 2 |a Národohospodárska fakulta EU. Katedra ekonómie